000 00734nam a2200253Ia 4500
003 OSt
005 20220928124319.0
006 a|||||r|||| 00| 0
007 ta
008 220927b |||||||| |||| 00| 0 eng d
020 _c2753.79
024 _a121483
037 _b200, 15/01/2014, Classic Book Service
_cTextual
040 _aSDCL
_cSDCL
_beng
041 _2eng
_aeng
082 _aW, Q4
100 _aProzorov Sergei
_9464332
245 0 _aTheory of the political subject
_b Void universalism II
260 _aLondon
_bRoutledge
_c2014
300 _axv;135p
_ccm.
650 _aPhilosophy
942 _hW, Q4
_cTEXL
_2CC
999 _c777243
_d777243